Countries in Europe and Asia- Only one chance - Statistics

General Stats
  • This quiz has been taken 65 times
  • The average score is 20 of 25
Answers on the Grid
Answers color-coded by a green-red scale on the quiz's grid according to % correct below.
France
Germany
USA
Japan
Thailand
Albania
Vietnam
Australia
Italy
Barbados
India
China
Somalia
Russia
Canada
Serbia
Marshall Islands
Sweden
Antigua and Barbuda
Norway
Malta
Armenia
Libya
Greece
Suriname
Argentina
Panama
Vatican City
Monaco
San Marino
Kyrgystan
St.Lucia
Guyana
Guinea
Gambia
Senegal
Zambia
Federated States of Micronesia
Paraguay
Tunisia
Tajikistan
United Arab Emirates
Bangladesh
Myanmar
Indonesia
Tonga
Tuvalu
Kiribati
New Zealand
Kenya
 
Answer Stats
Answer % Correct
France
89%
Italy
86%
Kyrgystan
86%
Armenia
83%
China
83%
Germany
83%
Bangladesh
80%
Greece
80%
Indonesia
80%
Norway
80%
Russia
80%
Sweden
80%
Tajikistan
80%
Vatican City
80%
Vietnam
80%
Serbia
77%
United Arab Emirates
77%
Albania
74%
India
74%
Monaco
74%
Myanmar
74%
San Marino
74%
Thailand
74%
Japan
71%
Malta
71%
No matching quizzes found
Score Distribution
Percent of People with Each Score
Percentile by Number Answered
Your Score History
You have not taken this quiz